000 00460nam a2200193Ia 4500
005 20240823013206.0
008 240823s9999||||xx |||||||||||||| ||und||
020 _a81-7649-424-0
041 _aENGLISH
082 _A530.13 P3
100 _a"McQuarrie,Donald A"
245 0 _aStatistical Mechanics
250 _a1st
260 _c2003
_b"Viva,New "
_aNew Delhi
500 _aTRANSFERED
650 _aMechanics
_bPhysics
942 _cBK
999 _c166545
_d166545